Statistics for Island Countries: Poorest and Smallest Economies

Click here to take the quiz!

General Stats

  • This quiz has been taken 393 times
    (326 since last reset)
  • The average score is 19 of 24

Answer Stats

Country% Correct
Nauru
91%
Marshall Islands
90%
Tuvalu
90%
Palau
88%
Solomon Islands
88%
Samoa
86%
St. Kitts and Nevis
86%
Tonga
86%
Vanuatu
86%
Comoros
85%
Haiti
85%
São Tomé and Príncipe
85%
Cape Verde
84%
Kiribati
84%
St. Vincent and the Grenadines
83%
Dominica
81%
Micronesia
81%
Grenada
79%
Madagascar
69%
Sri Lanka
67%
East Timor
66%
Papua New Guinea
65%
Indonesia
60%
Philippines
55%

Score Distribution

Percentile by Number Answered

Percent of People with Each Score

Your Score History

You have not taken this quiz since the last reset